Bad Trencsénteplicz Fürdő Látképe : Panorama
Zobrazenie: celkový pohľad na Trenčianske Teplice z kopca, uprostred snímky kostolná veža, vľavo Gotel Garni
| Format: | Photo |
|---|---|
| Language: | Hungarian German |
| Published: |
Trencsénteplicz
Ondreiecska Fábián
1915
|
| Subjects: |
MARC
| LEADER | 00000nkm a2200000 a 4500 | ||
|---|---|---|---|
| 001 | vtls010075075 | ||
| 003 | SK-MaSNL | ||
| 005 | 20260301131138.0 | ||
| 007 | kf co | ||
| 008 | 230706s1915 xo g kuhun | ||
| 015 | |a SNBG1915 | ||
| 035 | |a 5D181A93-7EDC-4A77-8D74-F0B683A2FC17 | ||
| 035 | |a urn:nbn:sk:snk-km004kob | ||
| 035 | |a urn:nbn:sk:snk-kmth0n | ||
| 040 | |a SNK |b slo |c SNK |e AACR2 | ||
| 041 | 0 | |a hun |a ger | |
| 043 | |a e-xo--- | ||
| 044 | |a xo |c SK | ||
| 072 | 7 | |a 913 |x Regionálna geografia |2 konspekt | |
| 080 | |a 913(437.6) |2 2001 | ||
| 080 | |a 711.455:615.838 |2 2001 | ||
| 080 | |a (084.121) |2 2001 | ||
| 245 | 0 | 0 | |a Bad Trencsénteplicz Fürdő |h grafika |b Látképe : Panorama |
| 246 | 3 | 3 | |a Bad Trencsénteplicz |
| 246 | 3 | 3 | |a Trencsénteplicz Fürdő |
| 260 | |a Trencsénteplicz |b Ondreiecska Fábián |c 1915 | ||
| 300 | |a 1 pohľadnica |b kolorovaná |c 9 x 14 cm | ||
| 500 | |a Názov z obrazovej časti pohľadnice | ||
| 500 | |a Číslo záberu 1 | ||
| 520 | 8 | |a Zobrazenie: celkový pohľad na Trenčianske Teplice z kopca, uprostred snímky kostolná veža, vľavo Gotel Garni | |
| 546 | |a Hlavný názov je kombináciou dvoch jazykov: nemčiny a maďarčiny ; podnázov súbežne v maďarčine a nemčine | ||
| 650 | 0 | 7 | |a kúpele |2 SNKPH |9 1139 |
| 651 | 7 | |a Trenčianske Teplice (Slovensko) |2 SNKPHgeo |9 14503 | |
| 655 | 7 | |a miestne pohľadnice |2 SNKPH |9 70510 | |
| 752 | |a Slovensko |d Trenčianske Teplice | ||
| 852 | |a Slovenská národná knižnica | ||
| 958 | |a GBN | ||
| 958 | |a ONDV | ||
| 958 | |a GC | ||
| 999 | |c 746921 |d 748851 | ||
| 952 | |a SNK |b SNK |y PREZ |7 0 |p 17A0648544 |o snkSP 100120 |z Prešla poštou |0 0 |1 0 |4 0 |d 2010-03-12 |f 1 |l 0 |r 2026-02-23 23:19:38 |w 2026-02-23 | ||


